| 000 | 01513nam a22002057a 4500 | ||
|---|---|---|---|
| 999 |
_c63278 _d63278 |
||
| 003 | Ge_BSU | ||
| 005 | 20250717124201.0 | ||
| 008 | 250717s1973 ge ||||| |||| 00| 0 geo d | ||
| 041 | _ageo | ||
| 080 | _a911.3:33(479.22)(075.8) ს-32 | ||
| 245 |
_aსაქართველოს სსრ ეკონომიური გეოგრაფიის ძირითადი საკითხები. _bნაწ. 2, [ეკონომიური დარაიონების საკითხები] / _c[რედ.: თ.ფ. დავითაია, გ.გ. გველესიანი] ; |
||
| 264 |
_aთბილისი : _bგანათლება, _c1973. |
||
| 300 |
_a442 გვ. _b22 სმ. |
||
| 653 | _aსაქართველოს ეკონომიური გეოგრაფია -- სახელმძღვანელოები უმაღლესი სასწავლებლებისათვის. | ||
| 653 | _aსაქართველოს ეკონომიური დარაიონება. | ||
| 700 |
_aდავითაია, თ.ფ. _eრედაქტორი _925666 |
||
| 700 |
_aგველესიანი, გ.გ _eრედაქტორი. _925662 |
||
| 710 |
_aსაქართველოს სსრ მეცნიერებათა აკადემია. ვახუშტის სახ. გეოგრაფიის ინსტიტუტი. _925667 |
||
| 942 |
_2udc _cBK |
||